| 000 | 00988nam a2200253 a 4500 | ||
|---|---|---|---|
| 001 | 52524 | ||
| 003 | BD-RjUL | ||
| 005 | 20211209075824.0 | ||
| 008 | 160921s1985 bg ||||| |||| 00| 0 ben d | ||
| 035 | _a(BD-RjUL)52644 | ||
| 040 |
_aBD-RjUL _bben _cBD-RjUL _dBD-RjUL |
||
| 041 | _aben | ||
| 082 |
_223 _a338.634 _bSIK 1985 |
||
| 100 |
_aসিরাজুদ্দিন, মোহাম্মদ _9157063 |
||
| 245 | 1 | 0 |
_aকুটির শিল্প / _cমোহাম্মদ সিরাজুদ্দিন |
| 260 |
_aঢাকা : _bবাংলা একাডেমী, _c১৯৮৫. |
||
| 300 |
_a১০০ পৃ. ; _c১৭ সেমি. |
||
| 490 | _aভাষা-শহীদ গ্রন্থমালা | ||
| 504 | _aগ্রন্থপঞ্জি সংযুক্ত | ||
| 650 | _2কুটির শিল্প | ||
| 650 |
_aCottage Industry _9157064 |
||
| 830 |
_aভাষা-শহীদ গ্রন্থমালা _9127572 |
||
| 942 |
_2ddc _cBK |
||
| 999 |
_c52524 _d52524 |
||